Normal view
MARC view
Entry Personal Name
001 - CONTROL NUMBER
- control field: 54455
003 - CONTROL NUMBER IDENTIFIER
- control field: dpl
005 - DATE AND TIME OF LATEST TRANSACTION
- control field: 20121220104010.0
008 - FIXED-LENGTH DATA ELEMENTS
- fixed length control field: 121220|||a|||||| | ||| d
040 ## - CATALOGING SOURCE
- Original cataloging agency: dpl
- Transcribing agency: dpl
100 ## - HEADING--PERSONAL NAME
- Personal name: Misra, K. K.
- Fuller form of name: (Kamal Kant),
- Dates associated with a name: 1954-
670 ## - SOURCE DATA FOUND
- Source citation: Work cat.: (dpl)0: Displacement and rehabilitation :, 2012
670 ## - SOURCE DATA FOUND
- Source citation: Work cat.: (dpl)0: Displacement and rehabilitation :, 2012
